| 000 | 00584nam a2200157Ia 4500 | ||
|---|---|---|---|
| 003 | GCL | ||
| 005 | 20240530105328.0 | ||
| 008 | 140319s9999 xx 000 0 ara d | ||
| 040 |
_aGCL / _cGCL |
||
| 082 | 0 | 4 |
_a347.03 _bم م |
| 100 | _4مصطفى مجدى هرجه | ||
| 245 | 1 | 0 |
_aالمشكلات العملية فى اشكالات التنفيذ الجنائية وطلبات وقف التنفيذ امام محكمة النقض / _bمصطفى مجدى هرجه |
| 260 |
_a[ القاهرة ] : _bالمكتبة القانونية ، _c1994 |
||
| 300 | _a144 ص | ||
| 942 |
_2ddc _cBK |
||
| 999 |
_c54967 _d54967 |
||